000 00432nam a22001817a 4500
003 OSt
005 20260402144638.0
008 260402b |||||||| |||| 00| 0 eng d
020 _a9789387464803
082 _a8H1.4337
_bKAUB
100 _aKaul, Manav
245 _aBahut door,kitna door hota hai
260 _aNew Delhi
_bHind Yugm
_c2026
300 _a160p
546 _aHindi
650 _aHindi Literature
942 _2ddc
_cBK
999 _c3980
_d3980